00366nam a2200145Ia 4500008004100000020001500041041000800056082001600064100002200080245003900102250000600141260003900147300001200186650002200198210716s2005 xx 000 0 und d a8177581678 aeng a005.42 DEIH aDeitel, Harvey M. aIntroduction to operating systems. a2 aNew DelhibPearson Educationc2005 axxv,853 aOperating Systems